Characteristics of urban trnapostation system (Record no. 543367)

000 -LEADER
fixed length control field 00500nam a22001457a 4500
082 ## - DEWEY DECIMAL CLASSIFICATION NUMBER
Classification number 388.4
Author Mark CHA
-- D
100 ## - MAIN ENTRY--PERSONAL NAME
Personal name U.S department of transportation
9 (RLIN) 19987
245 ## - TITLE STATEMENT
Title Characteristics of urban trnapostation system
Statement of responsibility, etc. U.S department of transportation
260 ## - PUBLICATION, DISTRIBUTION, ETC.
Place of publication, distribution, etc. Washington, DC
Name of publisher, distributor, etc. U.S department of transportation
Date of publication, distribution, etc. 1974
300 ## - PHYSICAL DESCRIPTION
Extent xii, p F-4
Other physical details ill.:
526 ## - STUDY PROGRAM INFORMATION NOTE
Program name 0
Interest level 0
Reading level 0
Title point value 388_400000000000000_CHA
650 ## - SUBJECT ADDED ENTRY--TOPICAL TERM
Topical term or geographic name entry element NUST
9 (RLIN) 6342
700 ## - ADDED ENTRY--PERSONAL NAME
Personal name U.S department of transportation
9 (RLIN) 19987
942 ## - ADDED ENTRY ELEMENTS (KOHA)
Source of classification or shelving scheme
Koha item type Book
Holdings
Withdrawn status Lost status Source of classification or shelving scheme Damaged status Not for loan Permanent Location Current Location Date acquired Total Checkouts Full call number Barcode Date last seen Price effective from Koha item type
          Military College of Engineering (MCE) Military College of Engineering (MCE) 03/21/2014   388.4 CHA MCE-43006 03/21/2014 03/21/2014 Book
© 2023 Central Library, National University of Sciences and Technology. All Rights Reserved.